<?xml version="1.0" encoding="UTF-8"?>
<record
    xmlns:xsi="http://www.w3.org/2001/XMLSchema-instance"
    xsi:schemaLocation="http://www.loc.gov/MARC21/slim http://www.loc.gov/standards/marcxml/schema/MARC21slim.xsd"
    xmlns="http://www.loc.gov/MARC21/slim">

  <leader>02371    a2200217   4500</leader>
  <controlfield tag="001">28193</controlfield>
  <controlfield tag="005">20260407155554.0</controlfield>
  <controlfield tag="008">260407a1943    arg                 spa d</controlfield>
  <controlfield tag="003">AR-UNSa-BCEJYS</controlfield>
  <datafield tag="040" ind1=" " ind2=" ">
    <subfield code="a">AR-UNSa-BCEJYS</subfield>
    <subfield code="b">spa</subfield>
    <subfield code="c">AR-UNSa-BCEJYS</subfield>
  </datafield>
  <datafield tag="080" ind1=" " ind2=" ">
    <subfield code="a">657</subfield>
    <subfield code="x">Contabilidad</subfield>
  </datafield>
  <datafield tag="245" ind1="1" ind2="0">
    <subfield code="a">Curso de contabilidad</subfield>
    <subfield code="p">Introducci&#xF3;n</subfield>
  </datafield>
  <datafield tag="264" ind1=" " ind2="1">
    <subfield code="a">M&#xE9;xico :</subfield>
    <subfield code="b">Uni&#xF3;n Tipogr&#xE1;fica Editorial Hispano-Americana (UTEHA)</subfield>
    <subfield code="c">1943</subfield>
  </datafield>
  <datafield tag="300" ind1=" " ind2=" ">
    <subfield code="a">3 v. (507; 169; 285 p.)</subfield>
    <subfield code="c">23 cm.</subfield>
  </datafield>
  <datafield tag="505" ind1=" " ind2=" ">
    <subfield code="a">Vol. I: 1. Cuentas - 2. Cuentas - 3. Cuentas - 4. Operaciones de compra y venta - 5. Cuentas de mercaderias - 6. Pagares - 7. Libros espciales de anotaci&#xF3;n primaria.Devoluciones y rebajas - 8. Fletes.Descuentos por pronto pago.Clasificaciones de gastos - 9. Letra de cambio - 10.Ajustes al terminar el periodo.Ingrsos y gastos acumulados y diferidos - 11. Ajustes al terminar el periodo.Ingrsos y gastos acumulados y diferidos - 12. Cuentas de control - 13. Columnas especiales en los libros de cobros y pagos.Registros de efectos a cobrar y efectos a paga, cuentas de control - 15. Sistema de comprobantes - 14. Columnas especiales en los libros de cobros y pagos.Registros de efectos a cobrar y efectos a paga, cuentas de control - 15. Sistema de comprobantes - 15.Formas de organizaci&#xF3;n mercantil - 17. Formas de organizaci&#xF3;n mercantil - 18.Formas de organizaci&#xF3;n mercantil - 19. Formas de organizaci&#xF3;n mercantil - 20. Cuetas para la determinaci&#xF3;n del costo de fabricaci&#xF3;n - 21. Clasificaci&#xF3;n num&#xE9;rica de las cuentas. Cuentas de control de gastos - 22. Efectivo y depositos bancarios -23.Partidas a cobrar y a pagar - 25. Inventario.Perdidas por incendio.Otro medio para registrar los gastos e ingresos diferidos - 24. Partidas a cobrar y a pagar - 25. Inventario.Perdidas por incendio.Otro medio para registrar los gastos e ingresos diferidos - 26. Control de costo de fabricaci&#xF3;n - 27. Activo fijo o permanente - 28. Obligaciones a largo plazo, fondos de amortizaci&#xF3;n y reservas para el fondo de amortizaci&#xF3;n - 29. Consignaciones - 30. El mayor de fabrica. El mayor privado.An&#xE1;lisis de estado - Vol.II: Materias de parctica, preguntas y problemas - Vol. III: Respuestas a las preguntas y soluciones de los problemas </subfield>
  </datafield>
  <datafield tag="041" ind1=" " ind2=" ">
    <subfield code="a">spa</subfield>
  </datafield>
  <datafield tag="942" ind1=" " ind2=" ">
    <subfield code="c">BK</subfield>
  </datafield>
  <datafield tag="590" ind1=" " ind2=" ">
    <subfield code="a">niveau_biblio:m niveau_hierar:0</subfield>
  </datafield>
  <datafield tag="100" ind1="1" ind2=" ">
    <subfield code="a">Fern&#xE1;ndez Cepero, Manuel de J.</subfield>
  </datafield>
  <datafield tag="700" ind1="1" ind2=" ">
    <subfield code="a">Finney, H.A.</subfield>
  </datafield>
  <datafield tag="999" ind1=" " ind2=" ">
    <subfield code="c">1667</subfield>
    <subfield code="d">1667</subfield>
  </datafield>
  <datafield tag="952" ind1=" " ind2=" ">
    <subfield code="0">0</subfield>
    <subfield code="1">0</subfield>
    <subfield code="4">0</subfield>
    <subfield code="7">0</subfield>
    <subfield code="a">BCEJYS</subfield>
    <subfield code="b">BCEJYS</subfield>
    <subfield code="c">16</subfield>
    <subfield code="d">2026-04-07</subfield>
    <subfield code="l">0</subfield>
    <subfield code="o">657 B582 v.1</subfield>
    <subfield code="p">L20062</subfield>
    <subfield code="r">2026-04-07 15:55:54</subfield>
    <subfield code="w">2026-04-07</subfield>
    <subfield code="y">L</subfield>
  </datafield>
  <datafield tag="952" ind1=" " ind2=" ">
    <subfield code="0">0</subfield>
    <subfield code="1">0</subfield>
    <subfield code="4">0</subfield>
    <subfield code="7">0</subfield>
    <subfield code="a">BCEJYS</subfield>
    <subfield code="b">BCEJYS</subfield>
    <subfield code="c">16</subfield>
    <subfield code="d">2026-04-07</subfield>
    <subfield code="l">0</subfield>
    <subfield code="o">657 B582 v.2</subfield>
    <subfield code="p">L20064</subfield>
    <subfield code="r">2026-04-07 15:55:54</subfield>
    <subfield code="w">2026-04-07</subfield>
    <subfield code="y">L</subfield>
  </datafield>
  <datafield tag="952" ind1=" " ind2=" ">
    <subfield code="0">0</subfield>
    <subfield code="1">0</subfield>
    <subfield code="4">0</subfield>
    <subfield code="7">0</subfield>
    <subfield code="a">BCEJYS</subfield>
    <subfield code="b">BCEJYS</subfield>
    <subfield code="c">16</subfield>
    <subfield code="d">2026-04-07</subfield>
    <subfield code="l">0</subfield>
    <subfield code="o">657 B582 v.3</subfield>
    <subfield code="p">L20063</subfield>
    <subfield code="r">2026-04-07 15:55:54</subfield>
    <subfield code="w">2026-04-07</subfield>
    <subfield code="y">L</subfield>
  </datafield>
</record>
